|
|
|
|
| LEADER |
00000nam a2200000 4500 |
| 001 |
vtls011890465 |
| 003 |
SK-MaSNL |
| 005 |
20260311145158.0 |
| 008 |
250312s1950 xr grl 000 0 ger |
| 015 |
|
|
|a SNBA1950
|
| 020 |
|
|
|q (brožované)
|
| 035 |
|
|
|a urn:nbn:sk:snk-am00deiy
|
| 035 |
|
|
|a urn:nbn:sk:snk-am3hzii
|
| 035 |
|
|
|a 9C190FF6-31F9-43FD-888D-406B4DCAAC6F
|
| 040 |
|
|
|a SNK
|b slo
|c SNK
|e rda
|
| 041 |
1 |
|
|a ger
|h cze
|
| 043 |
|
|
|a e-cs---
|
| 044 |
|
|
|a xr
|c CZ
|
| 072 |
|
7 |
|a 342
|x Ústavné právo. Správne právo
|2 konspekt
|
| 080 |
|
|
|a 342.4
|2 2011
|
| 080 |
|
|
|a (437)
|2 2011
|
| 080 |
|
|
|a 342
|2 2011
|
| 080 |
|
|
|a (0.072)
|2 2011
|
| 080 |
|
|
|a (094.5)
|2 2011
|
| 245 |
0 |
4 |
|a Die Verfassung der Tschechoslowakischen Republik
|c aus dem Tschechischen übersetzt von E. Kleinschnitz
|
| 264 |
|
1 |
|a Prag
|b Tschechoslowakisches Ministerium für Information und Volksbildung
|c 1950
|
| 264 |
|
3 |
|a Prag
|b Orbis
|
| 300 |
|
|
|a 78 strán
|c 24 cm
|
| 336 |
|
|
|a text
|b txt
|2 rdacontent
|
| 337 |
|
|
|a bez média
|b n
|2 rdamedia
|
| 338 |
|
|
|a zväzok
|b nc
|2 rdacarrier
|
| 366 |
|
|
|e 2000 kusov
|
| 500 |
|
|
|a Preložené z češtiny
|
| 650 |
0 |
7 |
|a ústava
|2 SNKPH
|9 2640
|
| 650 |
0 |
7 |
|a Constitution
|2 SNKPHeng
|9 295680
|
| 650 |
0 |
7 |
|a ústavné právo
|2 SNKPH
|9 2256
|
| 650 |
0 |
7 |
|a Constitutional law
|2 SNKPHeng
|9 99107
|
| 651 |
|
7 |
|a Czechoslovakia
|2 SNKPHeng
|9 265183
|
| 651 |
|
7 |
|a Československo
|2 SNKPHgeo
|9 21376
|
| 655 |
|
7 |
|a komentáre
|2 SNKPH
|9 70412
|
| 655 |
|
7 |
|a Commentaries
|2 SNKPHeng
|9 275605
|
| 655 |
|
7 |
|a zákony
|2 SNKPH
|9 70186
|
| 655 |
|
7 |
|a Laws
|2 SNKPHeng
|9 266957
|
| 700 |
1 |
|
|a Kleinschnitz, Eduard
|4 trl
|9 508264
|
| 710 |
1 |
2 |
|a Československo.
|t Ústava Československé republiky (1948)
|9 717780
|
| 752 |
|
|
|a Česko
|d Praha
|
| 852 |
|
|
|a Slovenská národná knižnica
|
| 958 |
|
|
|a OP
|
| 958 |
|
|
|a OND
|
| 968 |
|
|
|a Dt
|b ČES
|
| 999 |
|
|
|c 1120713
|d 1122643
|
| 952 |
|
|
|a SNK
|b SNK
|y PREZ
|7 0
|p 17A0806179
|o snkSC 10361
|i snkKSK 1557/57
|8 3
|0 0
|1 0
|4 0
|d 2019-10-02
|f 1
|l 0
|r 2025-07-09 00:00:00
|w 2026-02-24
|